Normal view
MARC view
- Shadows
Entry Topical Term
001 - CONTROL NUMBER
- control field: 29762
003 - CONTROL NUMBER IDENTIFIER
- control field: OSt
005 - DATE AND TIME OF LATEST TRANSACTION
- control field: 20110728133746.0
008 - FIXED-LENGTH DATA ELEMENTS
- fixed length control field: 110728|||a|||||| | ||| d
040 ## - CATALOGING SOURCE
- Original cataloging agency: OSt
- Transcribing agency: OSt
150 ## - HEADING--TOPICAL TERM
- Topical term or geographic name as entry element: Shadows
- General subdivision: Fiction.
670 ## - SOURCE DATA FOUND
- Source citation: Work cat.: (OSt)0: Sproul, R. C. (Robert Charles), 1939- 29760, The king without a shadow /, c1996.
670 ## - SOURCE DATA FOUND
- Source citation: Work cat.: (OSt)0: Sproul, R. C. (Robert Charles), 1939- 29760, The king without a shadow /, c1996.